Prieskum využívania Business Intelligence v riadení slovenských podnikov diplomová práca

Enregistré dans:
Détails bibliographiques
Auteur principal: Niemcová, Veronika
Collectivité auteur: Podnikovohospodárska fakulta EU so sídlom v Košiciach. Katedra manažmentu
Autres auteurs: Čarnický, Štefan
Format: Livre
Langue:slovaque
Publié: Košice 2010
Tags: Ajouter un tag
Pas de tags, Soyez le premier à ajouter un tag!

MARC

LEADER 00000nam$a2200000$$$4500
001 0122396
005 20240318123223.6
041 0 |a slo 
044 |a SK 
245 1 0 |a Prieskum využívania Business Intelligence v riadení slovenských podnikov  |b diplomová práca  |c Veronika Niemcová ; škol. Štefan Čarnický 
264 1 |a Košice  |c 2010 
300 |a 73 s. 
100 1 |a Niemcová, Veronika 
700 1 |a Čarnický, Štefan 
710 2 |a Podnikovohospodárska fakulta EU so sídlom v Košiciach. Katedra manažmentu